Tutti gli Stati che hanno controllato Edimburgo - Statistics

Statistiche generali
  • Questo quiz è stato fatto 7 volte
  • Il punteggio medio è 18 su 32
Statistiche sulle risposte
con Immagini Hint Risposta % Corretto
1707 - 1801 Regno di Gran Bretagna
80%
1333 - 1341 Regno d'Inghilterra
80%
1341 - 1603 Regno di Scozia
80%
1801 - 1922 Regno Unito di Gran Bretagna e Irlanda
80%
1922 - Oggi Regno Unito di Gran Bretagna e Irlanda del Nord
80%
1603 - 1650 Regno Unito di Inghilterra, Scozia e Irlanda
80%
1660 - 1707 Regno Unito di Inghilterra, Scozia e Irlanda
80%
867 Vichinghi (Grande Armata Vichinga, Danesi, Svedesi, Norvegesi)
80%
1013 - 1014 Impero del Mare del Nord
60%
1016 - 1018 Impero del Mare del Nord
60%
927 - 940 Regno d'Inghilterra
60%
944 - 1013 Regno d'Inghilterra
60%
1014 - 1016 Regno d'Inghilterra
60%
1291 - 1297 Regno d'Inghilterra
60%
1298 Regno d'Inghilterra
60%
1302 - 1309 Regno d'Inghilterra
60%
1310 - 1311 Regno d'Inghilterra
60%
1314 Regno d'Inghilterra
60%
1124 - 1291 Regno di Scozia
60%
1297 - 1298 Regno di Scozia
60%
1298 - 1302 Regno di Scozia
60%
1309 - 1310 Regno di Scozia
60%
1311 - 1314 Regno di Scozia
60%
1314 - 1333 Regno di Scozia
60%
654 - 867 Regno di Northumbria
40%
895 - 927 Vichinghi (Danelaw, Grande Armata Danese)
40%
1650 - 1660 Commonwealth d'Inghilterra
20%
867 - 895 Contea di Bamburg
20%
~500 - 638 Regno dei Goddodin
20%
1018 - 1124 Regno di Alba
20%
638 - 654 Regno di Bernicia
20%
940 - 944 Regno di Jorvik
20%
Nessun quiz corrispondente trovato
Distribuzione punteggi
Percentuale di utenti per punteggio
Percentile per numero di risposta
I tuoi punteggi nel tempo
Non hai fatto questo quiz